| 000 | 00449nam a2200181Ia 4500 | ||
|---|---|---|---|
| 001 | 9222 | ||
| 005 | 20260306160707.0 | ||
| 008 | 260306t2006||||xx |||||||||||||| ||spa|| | ||
| 041 | _aESP | ||
| 082 |
_aS 376.5 _bP62 |
||
| 100 |
_aPiscoya Hermoza, Luis Adolfo _eAUT |
||
| 245 | 0 | _aFormación Universitaria vs. Mercado Laboral | |
| 260 | _c2006 | ||
| 300 |
_a310 páginas : _c27 cm. |
||
| 650 | _aGEN | ||
| 654 | _aCED | ||
| 942 |
_cLIB _dJUS _fJUS _2ddc _n |
||
| 999 |
_c9222 _d9222 |
||